000 00531nam a2200217Ia 4500
008 101110s9999 xx 000 0 und d
041 _aENGLISH
082 _bSR29635
100 _aChopde L.N. & Choudhari D.H.
245 _aManagement accounting BMS
260 _c2006
_bSheth pub.pvt.ltd.,Mumbai
300 _a373
365 _b130
520 _aB.M.S.
546 _aENGLISH
630 _aManagement accounting BMS
650 _aB.M.S.
655 _aB.M.S.
730 _aManagement accounting BMS
942 _cBOOK
999 _c822143
_d822140